Krajská knižnica Karola Kmeťka v Nitre

Gespeichert in:
Bibliographische Detailangaben
1. Verfasser: Krištofová, Frederika (Verfasst von)
Weitere Verfasser: Borysko, Wanda (Betreuung Doktorarbeit)
Format: Manuskript Buch
Sprache:Slowakisch
Veröffentlicht: 2025
Schlagworte:
Online-Zugang:http://is.stuba.sk/zp/portal_zp.pl?podrobnosti=185326
Tags: Tag hinzufügen
Keine Tags, Fügen Sie das erste Tag hinzu!

MARC

LEADER 00000ntm a22000003a 4500
001 stuzp105109
003 SK-STU
005 20250607211133.3
007 ta
008 150427s2015----xo-----f-mn---000-0-slo-d
040 |a STU  |b slo 
041 0 |a slo 
100 1 |a Krištofová, Frederika  |u 055150  |4 aut  |U FAD Fakulta architektúry a dizajnu  |T FAD Ústav interiéru a výstavníctva  |X 103703  |U A5150  |Y 396  |7 103703 
242 0 1 |a Regional Library of Karol Kmet'ko in Nitra  |y eng 
245 1 0 |a Krajská knižnica Karola Kmeťka v Nitre 
260 |c 2025 
650 4 |a cultural value  |2 eng 
650 4 |a public space  |2 eng 
650 4 |a interior design  |2 eng 
650 4 |a educative institution  |2 eng 
650 4 |a atypical solutions  |2 eng 
650 4 |a Regional library  |2 eng 
650 4 |a kultúrna hodnota  |2 slo 
650 4 |a edukatívna inštitúcia  |2 slo 
650 4 |a verejný priestor  |2 slo 
650 4 |a atypové riešenie  |2 slo 
650 4 |a interiérový dizajn  |2 slo 
650 4 |a Krajská knižnica  |2 slo 
700 1 |a Borysko, Wanda  |u 059190  |k Z1  |4 ths  |U FAD Fakulta architektúry a dizajnu  |T FAD Ústav dizajnu  |X 65663  |U A9190  |Y 400  |7 A000065663 
856 4 |u http://is.stuba.sk/zp/portal_zp.pl?podrobnosti=185326